Akbar Birbal / (Record no. 177312)

MARC details
000 -LEADER
fixed length control field 00863nam a22002297a 4500
005 - DATE AND TIME OF LATEST TRANSACTION
control field 20210407155738.0
010 ## - LCCN (DPL NO)
LC control number B-739312-314 B-739721
020 ## - INTERNATIONAL STANDARD BOOK NUMBER
International Standard Book Number 8186261903
Terms of availability 495.00
035 ## - SYSTEM CONTROL NUMBER
System control number B-739312-314
035 ## - SYSTEM CONTROL NUMBER
System control number B-739721
037 ## - SOURCE OF ACQUISITION
Source of stock number/acquisition S.K. Publishers
037 ## - SOURCE OF ACQUISITION
Source of stock number/acquisition Gift
082 ## - DEWEY DECIMAL CLASSIFICATION NUMBER
Classification number S
100 ## - MAIN ENTRY--PERSONAL NAME
Personal name Bhatia, Roshi
245 ## - TITLE STATEMENT
Title Akbar Birbal /
Statement of responsibility, etc by Roshi Bhatia
260 ## - PUBLICATION, DISTRIBUTION, ETC. (IMPRINT)
Place of publication, distribution, etc New Delhi
Name of publisher, distributor, etc S.K. Publishers
Date of publication, distribution, etc 2020
270 ## - ADDRESS
Address A-47, Amar Colony, Lajpat Nagar
City New Delhi
Postal code 110024
300 ## - PHYSICAL DESCRIPTION
Extent 159p.
Dimensions 22cm(Hb)
942 ## - ADDED ENTRY ELEMENTS (KOHA)
Source of classification or shelving scheme Dewey Decimal Classification
Item type Children Books
Classification part S
Call number suffix BHA
Holdings
Withdrawn status Lost status Not for loan Collection code Home library Current library Date acquired Source of acquisition Cost, normal purchase price Full call number Barcode Copy number Cost, replacement price Koha item type Public note
      Fiction Central Library Central Library 07/04/2021 Gift/Eng/05-04-2021 495.00 S BHA B-739721 1 495.00 Children Books Gift
      Fiction Mobile Library Mobile Library 23/03/2021 S.K. Publishers/402/09-03-2021/28/03-03-2021/15-03-2021 495.00 S BHA B-739312 3 495.00 Children Books  
      Fiction Mobile Library Mobile Library 23/03/2021 S.K. Publishers/402/09-03-2021/28/03-03-2021/15-03-2021 495.00 S BHA B-739313 3 495.00 Children Books  
      Fiction Mobile Library Mobile Library 23/03/2021 S.K. Publishers/402/09-03-2021/28/03-03-2021/15-03-2021 495.00 S BHA B-739314 3 495.00 Children Books  

© Delhi Public Library
Hit Counter
free hit counter